000 00681nam a2200229 a 4500
001 BRCA_7816
005 20190320210016.0
008 171013s1912----gw-a######---#000-0#ger-#
041 _ager
044 _agw
050 4 _aN2233
_b.S34 1912
100 1 _aScheffler, Karl
_919358
245 1 0 _aDie Nationalgalerie zu Berlin
_bein Kristischer Fuhrer
_cvon Karl Scheffler.
260 _aBerlín
_bBruno Cassirer
_c1912
300 _aviii, 295 p.
_bil. (algunas a color), 295 láminas
_c29 cm.
500 _aY3
610 2 4 _aNational - Galerie (Berlín)
_919359
650 1 4 _aArte
_zBerlín
_919360
650 1 4 _aGalerías y museos
_zAlemania
_95059
902 _aGFM
942 _2lcc
_cB
999 _c7490
_d7490